[Event "Mittelfr. EM 2026 - Hauptturnier"]
[Site "Nuernberg"]
[Date "2026.05.23"]
[Round "3.2"]
[White "Rosenboom, Niko"]
[Black "Saathoff, Richard"]
[Result "1-0"]
[WhiteElo "2045"]
[BlackElo "2131"]
[PlyCount "105"]
[EventDate "2026.05.22"]
[WhiteTeam "SGem 1882 Fuerth"]
[BlackTeam "SC Schwarz-Weiss Nuernberg Sued e.V"]

1. e4 e5 2. Nf3 Nc6 3. Bb5 f5 4. d3 fxe4 5. dxe4 Nf6 6. O-O Bc5 7. Bxc6 bxc6 8.
Nxe5 O-O 9. Nc3 d6 10. Na4 Qe8 11. Nd3 Bd4 12. c3 Bb6 13. Nxb6 axb6 14. f3 Ba6
15. Re1 Qf7 16. a3 Rae8 17. Bg5 Nh5 18. Nb4 Bb7 19. Qd2 h6 20. Be3 d5 21. exd5
cxd5 22. Bf2 Rd8 23. Nd3 c5 24. Ne5 Qf6 25. Ng4 Qg6 26. Re7 Bc8 27. h3 Nf4 28.
Bg3 Nxh3+ 29. gxh3 h5 30. Qg2 hxg4 31. fxg4 Rf7 32. Rae1 Rxe7 33. Rxe7 Qf6 34.
Qe2 Kf8 35. Re3 Kg8 36. Re8+ Kf7 37. Re3 Kg8 38. Qf2 Qc6 39. Re7 Rf8 40. Qe2
Rf7 41. Qe5 Rxe7 42. Qxe7 Qe6 43. Qxe6+ Bxe6 44. Bc7 b5 45. Bd6 c4 46. Kf2 Kf7
47. Ke3 Bd7 48. Kd4 Ke6 49. Bf4 g6 50. Kc5 Be8 51. h4 Bd7 52. h5 Kf6 53. g5+
1-0

[Event "Mittelfr. EM 2026 - Hauptturnier"]
[Site "Nuernberg"]
[Date "2026.05.23"]
[Round "3.3"]
[White "Koenig, Oliver"]
[Black "Ammon, Tobias"]
[Result "0-1"]
[WhiteElo "1881"]
[BlackElo "2207"]
[PlyCount "74"]
[EventDate "2026.05.22"]
[WhiteTeam "SGem 1882 Fuerth"]
[BlackTeam "SV Altensittenbach"]

1. Nf3 Nf6 2. b3 d5 3. Bb2 Bf5 4. e3 c6 5. h3 h6 6. d3 e6 7. g3 Nbd7 8. Bg2 Bc5
9. O-O O-O 10. Nbd2 a5 11. a3 Bh7 12. Qe2 Qc7 13. Kh1 e5 14. e4 d4 15. Nh4 Rfe8
16. Bc1 b5 17. Rg1 a4 18. b4 Bf8 19. Ndf3 c5 20. bxc5 Qxc5 21. Ne1 Qc3 22. Ra2
Rac8 23. Nf5 Qc6 24. g4 Qe6 25. Ra1 Rc3 26. f4 exf4 27. Nxd4 Qb6 28. Nf5 g5 29.
Bb2 Rcc8 30. Qd2 Bxf5 31. gxf5 Nh5 32. Bf3 Ng3+ 33. Rxg3 fxg3 34. d4 b4 35. e5
bxa3 36. Bxa3 Bxa3 37. Rxa3 Nxe5 0-1

[Event "Mittelfr. EM 2026 - Hauptturnier"]
[Site "Nuernberg"]
[Date "2026.05.23"]
[Round "3.4"]
[White "Ratushnyi, Viktor"]
[Black "Levent, Abdullah"]
[Result "1-0"]
[WhiteElo "2111"]
[BlackElo "1836"]
[PlyCount "89"]
[EventDate "2026.05.22"]
[WhiteTeam "SC Schwarz-Weiss Nuernberg Sued e.V"]
[BlackTeam "SC Noris-Tarrasch Nuernberg 1873"]

1. e4 c6 2. c4 d5 3. cxd5 cxd5 4. exd5 Qxd5 5. Nc3 Qa5 6. d4 e6 7. Nf3 Nf6 8.
Bd3 Be7 9. O-O O-O 10. a3 a6 11. b4 Bxb4 12. axb4 Qxa1 13. Qb3 a5 14. Bb2 a4
15. Rxa1 axb3 16. Rxa8 Nc6 17. Ba3 Bd7 18. Rxf8+ Kxf8 19. b5+ Ne7 20. Nd2 Ke8
21. Bxe7 Kxe7 22. Nxb3 Kd6 23. f3 e5 24. dxe5+ Kxe5 25. Bc4 Be6 26. Bxe6 fxe6
27. Kf2 b6 28. Ke3 g5 29. Nd2 Nd7 30. Nc4+ Kf5 31. Ne4 e5 32. Ncd6+ Ke6 33. Nc8
Nf6 34. Nxb6 g4 35. Nd2 gxf3 36. gxf3 Kf5 37. Ne4 Nh5 38. Nd5 Ke6 39. b6 Ng7
40. b7 Nf5+ 41. Kf2 Kxd5 42. b8=Q h5 43. Qb5+ Kd4 44. Qc5+ Kd3 45. Qc3# 1-0

[Event "Mittelfr. EM 2026 - Hauptturnier"]
[Site "Nuernberg"]
[Date "2026.05.23"]
[Round "3.5"]
[White "Engel, David"]
[Black "Meulner, Klaus"]
[Result "1/2-1/2"]
[WhiteElo "1859"]
[BlackElo "1966"]
[PlyCount "37"]
[EventDate "2026.05.22"]
[WhiteTeam "Spvg Zabo-Eintracht Nuernberg e.V"]
[BlackTeam "SC Schwarz-Weiss Nuernberg Sued e.V"]

1. e4 d6 2. d4 e5 3. dxe5 dxe5 4. Qxd8+ Kxd8 5. Nf3 f6 6. h3 Be6 7. Be3 Nd7 8.
Bb5 Nc5 9. Nc3 c6 10. O-O-O+ Kc7 11. Be2 b5 12. Bd3 a5 13. Kb1 a4 14. Nh4 a3
15. b3 Nd7 16. f4 Bb4 17. Ne2 Ne7 18. Nf3 Bd6 19. Rd2 1/2-1/2

[Event "Mittelfr. EM 2026 - Hauptturnier"]
[Site "Nuernberg"]
[Date "2026.05.23"]
[Round "3.7"]
[White "Dachs, Simon"]
[Black "Lemba, Albert"]
[Result "0-1"]
[WhiteElo "1707"]
[BlackElo "1980"]
[PlyCount "107"]
[EventDate "2026.05.22"]
[WhiteTeam "SC Hersbruck"]
[BlackTeam "SC Noris-Tarrasch Nuernberg 1873"]

1. e4 c5 2. c3 Nf6 3. e5 Nd5 4. d4 cxd4 5. cxd4 d6 6. Nf3 Nc6 7. Bc4 Nb6 8. Bb5
dxe5 9. Nxe5 Bd7 10. Bxc6 Bxc6 11. Nxc6 bxc6 12. Be3 g6 13. Nd2 Bg7 14. Nf3 O-O
15. O-O Nc4 16. Qc2 Qd5 17. Rac1 Nxe3 18. fxe3 Qxa2 19. e4 Rab8 20. Ra1 Qxb2
21. Qxb2 Rxb2 22. Rxa7 e6 23. Rf2 Rb1+ 24. Rf1 Rb2 25. Rf2 Rb4 26. Rd7 g5 27.
h3 h5 28. e5 g4 29. hxg4 hxg4 30. Ng5 c5 31. dxc5 g3 32. Rf3 Bxe5 33. Kf1 Bf4
34. Nh3 Rb1+ 35. Ke2 Rb2+ 36. Kd3 Rd2+ 37. Ke4 Rxd7 38. Nxf4 Ra8 39. Rxg3+ Kf8
40. Rf3 Ra4+ 41. Ke3 Ke7 42. Kf2 Rd2+ 43. Ke3 Rc2 44. Nd3 Rxg2 45. c6 Rc2 46.
Rf1 f6 47. Nf4 Ra3+ 48. Nd3 Rxc6 49. Rb1 Rcc3 50. Rd1 e5 51. Ke4 f5+ 52. Kxe5
Rxd3 53. Rxd3 Rxd3 54. Kxf5 0-1

[Event "Mittelfr. EM 2026 - Hauptturnier"]
[Site "Nuernberg"]
[Date "2026.05.23"]
[Round "3.8"]
[White "Atal, Parsa"]
[Black "Mitin, Maximilian"]
[Result "1-0"]
[WhiteElo "1837"]
[BlackElo "1698"]
[PlyCount "55"]
[EventDate "2026.05.22"]
[WhiteTeam "SC Noris-Tarrasch Nuernberg 1873"]
[BlackTeam "SG Buechenbach/Roth e.V."]

1. e4 e5 2. Nc3 Nf6 3. Bc4 Nc6 4. d3 Na5 5. Bb3 Nxb3 6. axb3 Bb4 7. Nge2 O-O 8.
Bg5 h6 9. Bh4 d6 10. O-O g5 11. Bg3 Nh5 12. Nd5 Nxg3 13. Nxg3 Bc5 14. Qh5 Kg7
15. Ne3 Bxe3 16. fxe3 f6 17. Rf2 Be6 18. Raf1 Qd7 19. h3 Rf7 20. Qe2 Raf8 21.
Nh5+ Kg6 22. g4 d5 23. Qf3 dxe4 24. Qxe4+ f5 25. Qxe5 fxg4 26. Nf6 Qc8 27. Qe4+
Kg7 28. Qh7# 1-0

[Event "Mittelfr. EM 2026 - Hauptturnier"]
[Site "Nuernberg"]
[Date "2026.05.23"]
[Round "3.9"]
[White "Link, Andreas"]
[Black "Himonakis, Michael"]
[Result "1-0"]
[WhiteElo "2036"]
[BlackElo "1930"]
[PlyCount "49"]
[EventDate "2026.05.22"]
[WhiteTeam "Spvg Zabo-Eintracht Nuernberg e.V"]
[BlackTeam "SC Noris-Tarrasch Nuernberg 1873"]

1. e4 c5 2. Nf3 Nf6 3. d3 Nc6 4. g3 d5 5. Nbd2 e5 6. Bg2 Be7 7. O-O dxe4 8.
dxe4 O-O 9. c3 Qc7 10. Qe2 Ne8 11. Nc4 Be6 12. Ne3 Rd8 13. h4 f6 14. h5 g5 15.
hxg6 hxg6 16. Nh4 Kg7 17. Nef5+ Bxf5 18. exf5 Kf7 19. fxg6+ Ke6 20. Qc4+ Kd7
21. Bh3+ f5 22. Nxf5 Nf6 23. g7 Rfe8 24. Ne3+ Kd6 25. Qe6# 1-0

[Event "Mittelfr. EM 2026 - Hauptturnier"]
[Site "Nuernberg"]
[Date "2026.05.23"]
[Round "3.10"]
[White "Papst, Arthur"]
[Black "Vennemann, Juergen"]
[Result "1-0"]
[WhiteElo "1932"]
[BlackElo "1863"]
[PlyCount "65"]
[EventDate "2026.05.22"]
[WhiteTeam "SK Nuernberg 1911 e.V."]
[BlackTeam "SC Hersbruck"]

1. e4 d6 2. d4 Nf6 3. Nc3 e5 4. Nf3 Nbd7 5. Bc4 Be7 6. O-O O-O 7. Re1 c6 8. a4
a5 9. h3 exd4 10. Qxd4 Nc5 11. Bf4 Ne6 12. Bxe6 fxe6 13. e5 Nd5 14. Nxd5 exd5
15. c4 dxe5 16. Bxe5 Bf6 17. Rad1 Be6 18. Bxf6 Qxf6 19. Qxf6 Rxf6 20. Ng5 Bf5
21. cxd5 h6 22. Ne6 cxd5 23. Nc7 Raf8 24. Nxd5 R6f7 25. f3 g5 26. Ne7+ Kg7 27.
Nxf5+ Rxf5 28. Re7+ R8f7 29. Rdd7 Rxe7 30. Rxe7+ Kf6 31. Rxb7 h5 32. Rb6+ Kg7
33. Rb5 1-0

[Event "Mittelfr. EM 2026 - Hauptturnier"]
[Site "Nuernberg"]
[Date "2026.05.24"]
[Round "4.1"]
[White "Rosenboom, Niko"]
[Black "Boehme, Markus"]
[Result "1/2-1/2"]
[WhiteElo "2045"]
[BlackElo "2163"]
[PlyCount "65"]
[EventDate "2026.05.22"]
[WhiteTeam "SGem 1882 Fuerth"]
[BlackTeam "SC Uttenreuth e.V."]

1. e4 c6 2. d4 d5 3. exd5 cxd5 4. Bd3 Nc6 5. c3 Nf6 6. h3 e5 7. dxe5 Nxe5 8.
Nf3 Nxd3+ 9. Qxd3 Bd6 10. O-O O-O 11. Be3 Be6 12. Nbd2 Qd7 13. Rfe1 Rfe8 14.
Rad1 Bf5 15. Qf1 Bc2 16. Rc1 Bg6 17. Bd4 Ne4 18. Rcd1 Bh5 19. g4 Bg6 20. Nh4
Bf4 21. Nxe4 Bxe4 22. f3 Bc2 23. Rxe8+ Rxe8 24. Re1 a6 25. Ng2 Bg3 26. Rxe8+
Qxe8 27. Ne3 Ba4 28. Nf5 Be5 29. Qe2 f6 30. Qe3 Bd7 31. f4 Bxf5 32. fxe5 Bb1
33. exf6 1/2-1/2

[Event "Mittelfr. EM 2026 - Hauptturnier"]
[Site "Nuernberg"]
[Date "2026.05.24"]
[Round "4.2"]
[White "Ammon, Tobias"]
[Black "Ratushnyi, Viktor"]
[Result "1/2-1/2"]
[WhiteElo "2207"]
[BlackElo "2111"]
[PlyCount "74"]
[EventDate "2026.05.22"]
[WhiteTeam "SV Altensittenbach"]
[BlackTeam "SC Schwarz-Weiss Nuernberg Sued e.V"]

1. c4 Nf6 2. Nf3 g6 3. Nc3 Bg7 4. e4 d6 5. d4 O-O 6. Be2 c5 7. O-O cxd4 8. Nxd4
Re8 9. f3 Nc6 10. Be3 Nh5 11. Nxc6 bxc6 12. Qd2 f5 13. c5 f4 14. Bf2 Be5 15.
cxd6 exd6 16. Bc4+ Kh8 17. Rad1 Ng7 18. Bd4 Be6 19. Bxe5 dxe5 20. Qxd8 Rexd8
21. Ba6 Rab8 22. b3 Bg8 23. Rxd8 Rxd8 24. Rd1 Rxd1+ 25. Nxd1 Ne6 26. Nb2 Kg7
27. Nd3 Kf6 28. Bc4 Bf7 29. Bxe6 Kxe6 30. Kf1 Kd6 31. Ke2 g5 32. Kd2 h5 33. h3
Bg6 34. Nf2 c5 35. Kc3 Be8 36. a4 a5 37. Nd3 Bf7 1/2-1/2

[Event "Mittelfr. EM 2026 - Hauptturnier"]
[Site "Nuernberg"]
[Date "2026.05.24"]
[Round "4.3"]
[White "Erlbeck, Peter"]
[Black "Atal, Parsa"]
[Result "0-1"]
[WhiteElo "1994"]
[BlackElo "1837"]
[PlyCount "82"]
[EventDate "2026.05.22"]
[WhiteTeam "SC Schwarz-Weiss Nuernberg Sued e.V"]
[BlackTeam "SC Noris-Tarrasch Nuernberg 1873"]

1. e4 c5 2. Nc3 Nc6 3. f4 e6 4. Nf3 d5 5. Bb5 a6 6. Bxc6+ bxc6 7. d3 g6 8. O-O
Bg7 9. Qe1 Ne7 10. Kh1 Qb6 11. Rb1 Rb8 12. b3 a5 13. Na4 Qa7 14. Ba3 c4 15. Bc5
Qc7 16. e5 Rb7 17. Bd6 Qd8 18. dxc4 Nf5 19. Bc5 Rb8 20. Qf2 Ba6 21. Rfd1 Bf8
22. Bb6 Qc8 23. Bxa5 Be7 24. Nb6 Qb7 25. c5 h5 26. c4 h4 27. Rbc1 Ng3+ 28. Kg1
Ne4 29. Qe1 Bxc5+ 30. Kf1 Bxb6 31. Bxb6 Qxb6 32. Nxh4 Qb4 33. Nf3 dxc4 34. Qxb4
Rxb4 35. Kg1 cxb3 36. axb3 Bb5 37. Rd4 Rxd4 38. Nxd4 Kd7 39. Re1 Nc3 40. Ra1
Rc8 41. Nf3 Ne2+ 0-1

[Event "Mittelfr. EM 2026 - Hauptturnier"]
[Site "Nuernberg"]
[Date "2026.05.24"]
[Round "4.4"]
[White "Meulner, Klaus"]
[Black "Lemba, Albert"]
[Result "0-1"]
[WhiteElo "1966"]
[BlackElo "1980"]
[PlyCount "62"]
[EventDate "2026.05.22"]
[WhiteTeam "SC Schwarz-Weiss Nuernberg Sued e.V"]
[BlackTeam "SC Noris-Tarrasch Nuernberg 1873"]

1. e4 c5 2. Nf3 Nc6 3. Nc3 Nf6 4. Bb5 d6 5. O-O g6 6. h3 Bd7 7. Re1 Bg7 8. Nd5
O-O 9. c3 a6 10. Bf1 e5 11. Nxf6+ Qxf6 12. Bc4 Be6 13. Bd5 h6 14. Nh2 Bxd5 15.
exd5 Nb8 16. d3 Nd7 17. a4 Qd8 18. a5 f5 19. Nf1 Kh7 20. f3 b5 21. axb6 Qxb6
22. Ne3 c4 23. Kh1 cxd3 24. Qxd3 Nc5 25. Qc2 e4 26. Nc4 Qc7 27. Bf4 Nd3 28.
Bxd6 Qxc4 29. Bxf8 Nxe1 30. Rxe1 Rxf8 31. fxe4 fxe4 0-1

[Event "Mittelfr. EM 2026 - Hauptturnier"]
[Site "Nuernberg"]
[Date "2026.05.24"]
[Round "4.5"]
[White "Saathoff, Richard"]
[Black "Papst, Arthur"]
[Result "1-0"]
[WhiteElo "2131"]
[BlackElo "1932"]
[PlyCount "65"]
[EventDate "2026.05.22"]
[WhiteTeam "SC Schwarz-Weiss Nuernberg Sued e.V"]
[BlackTeam "SK Nuernberg 1911 e.V."]

1. e4 c5 2. Nf3 d6 3. d4 cxd4 4. Nxd4 Nf6 5. Nc3 a6 6. Bg5 Nbd7 7. Qe2 e6 8.
O-O-O Be7 9. f4 Qc7 10. f5 e5 11. Nb3 b5 12. h4 Bb7 13. Rh3 Nb6 14. Bxf6 Bxf6
15. Na5 Rd8 16. Nxb5 axb5 17. Qxb5+ Kf8 18. Nxb7 Qxb7 19. Rb3 Qxe4 20. Qxb6
Qxf5 21. Bd3 e4 22. Bc4 g6 23. Rf1 Qe5 24. Qb7 d5 25. Rb5 Qe7 26. Bxd5 Qxb7 27.
Rxb7 Rxd5 28. Rxf6 Re5 29. Rfxf7+ Ke8 30. Kd2 e3+ 31. Ke2 Rf8 32. Rxh7 Rf2+ 33.
Ke1 1-0

[Event "Mittelfr. EM 2026 - Hauptturnier"]
[Site "Nuernberg"]
[Date "2026.05.24"]
[Round "4.6"]
[White "Heller, Benedikt"]
[Black "Engel, David"]
[Result "1-0"]
[WhiteElo "2039"]
[BlackElo "1859"]
[PlyCount "45"]
[EventDate "2026.05.22"]
[WhiteTeam "SC Bechhofen 1923 e.V."]
[BlackTeam "Spvg Zabo-Eintracht Nuernberg e.V"]

1. e4 c5 2. Nf3 d6 3. d4 cxd4 4. Nxd4 Nf6 5. Nc3 g6 6. Be3 Bg7 7. f3 Nc6 8. Qd2
O-O 9. Bc4 Nd7 10. Nxc6 bxc6 11. Bh6 Bxh6 12. Qxh6 Qb6 13. O-O-O Nc5 14. h4 Be6
15. h5 g5 16. Qxg5+ Kh8 17. h6 Rg8 18. Qxe7 Rxg2 19. Bxe6 fxe6 20. Rxd6 Rb8 21.
b3 Qa5 22. Kb2 Qb6 23. Rhd1 1-0

[Event "Mittelfr. EM 2026 - Hauptturnier"]
[Site "Nuernberg"]
[Date "2026.05.24"]
[Round "4.7"]
[White "Mueller, Tim"]
[Black "Link, Andreas"]
[Result "0-1"]
[WhiteElo "1754"]
[BlackElo "2036"]
[PlyCount "68"]
[EventDate "2026.05.22"]
[WhiteTeam "SC Noris-Tarrasch Nuernberg 1873"]
[BlackTeam "Spvg Zabo-Eintracht Nuernberg e.V"]

1. e4 d5 2. exd5 Nf6 3. d4 Nxd5 4. c4 Nb6 5. Nc3 g6 6. h3 Bg7 7. Nf3 O-O 8. Be2
Nc6 9. Be3 e5 10. d5 Ne7 11. Qb3 Nf5 12. Bc5 Re8 13. O-O Nd4 14. Qd1 Nxf3+ 15.
Bxf3 Nxc4 16. Qb3 Nd2 17. Qd1 Nxf3+ 18. Qxf3 b6 19. Ba3 Bb7 20. Rfd1 Qd7 21.
Rac1 Rad8 22. Qe4 f5 23. Qc4 Kh8 24. Qb3 e4 25. d6 c5 26. Na4 Qc6 27. Qf7 e3
28. f3 e2 29. Re1 Bd4+ 30. Kh1 Qxa4 31. Qxb7 Rxd6 32. Qf7 Rde6 33. b3 Qxa3 34.
Rc2 Qa6 0-1

[Event "Mittelfr. EM 2026 - Hauptturnier"]
[Site "Nuernberg"]
[Date "2026.05.24"]
[Round "4.8"]
[White "Levent, Abdullah"]
[Black "Koenig, Oliver"]
[Result "0-1"]
[WhiteElo "1836"]
[BlackElo "1881"]
[PlyCount "56"]
[EventDate "2026.05.22"]
[WhiteTeam "SC Noris-Tarrasch Nuernberg 1873"]
[BlackTeam "SGem 1882 Fuerth"]

1. e4 Nc6 2. d4 e5 3. Nf3 exd4 4. Bc4 Nf6 5. O-O Nxe4 6. Nxd4 d5 7. Nxc6 bxc6
8. Re1 Be6 9. Bd3 Nc5 10. Qh5 Be7 11. Nd2 Nxd3 12. cxd3 O-O 13. Nf3 Bf6 14. Bg5
Bf5 15. Bxf6 Qxf6 16. d4 Rfe8 17. Ne5 c5 18. f4 cxd4 19. Rac1 Rac8 20. Rc6 Re6
21. Rec1 Rxc6 22. Rxc6 Be6 23. g3 Qf5 24. Qd1 Qe4 25. Nd3 Bh3 26. Qc2 Qe3+ 27.
Kh1 Qf3+ 28. Kg1 Qf1# 0-1

[Event "Mittelfr. EM 2026 - Hauptturnier"]
[Site "Nuernberg"]
[Date "2026.05.24"]
[Round "4.10"]
[White "Assem Gawdat Azmy, Mostafa"]
[Black "Mitin, Maximilian"]
[Result "0-1"]
[WhiteElo "1799"]
[BlackElo "1698"]
[PlyCount "98"]
[EventDate "2026.05.22"]
[WhiteTeam "SC Erlangen 48/88"]
[BlackTeam "SG Buechenbach/Roth e.V."]

1. e4 e5 2. Nf3 Nc6 3. d4 exd4 4. Nxd4 Bc5 5. Nb3 Bb6 6. Nc3 Qf6 7. Qe2 Nge7 8.
Be3 O-O 9. O-O-O d6 10. h4 Ne5 11. Bg5 Qe6 12. f4 N5c6 13. g3 f6 14. Qb5 Qg4
15. Be2 Qxg3 16. Rd3 Be3+ 17. Kb1 fxg5 18. hxg5 Qxf4 19. Qc4+ d5 20. Nxd5 Nxd5
21. Qxd5+ Kh8 22. g6 h6 23. Rf1 Qxf1+ 24. Bxf1 Rxf1+ 25. Rd1 Rxd1+ 26. Qxd1 Be6
27. Qf3 Bg5 28. Nc5 Ne5 29. Qg3 Rf8 30. Qg2 Bc4 31. b3 Ba6 32. c4 Rd8 33. Ne6
Rd1+ 34. Kc2 Rd2+ 35. Qxd2 Bxd2 36. Kxd2 Nxg6 37. Nxc7 h5 38. Ke3 Kg8 39. Kd4
h4 40. Ke3 Kf7 41. Kf3 Ne5+ 42. Kf4 g5+ 43. Kxe5 h3 44. Kd6 h2 45. e5 h1=Q 46.
e6+ Kg6 47. Nd5 Qh2+ 48. Kd7 Qe5 49. e7 Kf7 0-1

[Event "Mittelfr. EM 2026 - Hauptturnier"]
[Site "Nuernberg"]
[Date "2026.05.24"]
[Round "5.1"]
[White "Boehme, Markus"]
[Black "Ammon, Tobias"]
[Result "1-0"]
[WhiteElo "2163"]
[BlackElo "2207"]
[PlyCount "81"]
[EventDate "2026.05.22"]
[WhiteTeam "SC Uttenreuth e.V."]
[BlackTeam "SV Altensittenbach"]

1. d4 d5 2. c4 c6 3. cxd5 cxd5 4. Nc3 Nf6 5. Nf3 Nc6 6. Bf4 Bf5 7. e3 e6 8. Ne5
Nxe5 9. dxe5 Nd7 10. e4 dxe4 11. Bb5 a6 12. Bxd7+ Qxd7 13. Qxd7+ Kxd7 14. Na4
Bb4+ 15. Ke2 Rab8 16. Rac1 Rhd8 17. Bg5 Be7 18. Rhd1+ Ke8 19. Bxe7 Rxd1 20.
Kxd1 Kxe7 21. Rc7+ Ke8 22. Nc5 Rd8+ 23. Ke2 b6 24. Nb7 Rd5 25. Nd6+ Kd8 26.
Rxf7 Rxe5 27. Rxg7 Rd5 28. Nxf5 exf5 29. Rxh7 Rb5 30. b3 Ra5 31. a4 Rc5 32. h4
Rc2+ 33. Ke3 Ke8 34. Rb7 Rc3+ 35. Kf4 Rxb3 36. Kxf5 Rb2 37. Kxe4 Rxf2 38. g4
Rb2 39. h5 Kf8 40. Kf5 Rc2 41. Rxb6 1-0

[Event "Mittelfr. EM 2026 - Hauptturnier"]
[Site "Nuernberg"]
[Date "2026.05.24"]
[Round "5.2"]
[White "Ratushnyi, Viktor"]
[Black "Rosenboom, Niko"]
[Result "1/2-1/2"]
[WhiteElo "2111"]
[BlackElo "2045"]
[PlyCount "115"]
[EventDate "2026.05.22"]
[WhiteTeam "SC Schwarz-Weiss Nuernberg Sued e.V"]
[BlackTeam "SGem 1882 Fuerth"]

1. e4 c5 2. Nf3 d6 3. d4 cxd4 4. Qxd4 Nf6 5. Nc3 Nc6 6. Bb5 Bd7 7. Bxc6 Bxc6 8.
Bg5 e6 9. O-O-O Be7 10. Bxf6 Bxf6 11. Qxd6 Bxc3 12. bxc3 Qxd6 13. Rxd6 Bxe4 14.
Ne5 Rc8 15. Rd4 Bd5 16. c4 Bxg2 17. Rg1 f6 18. Nd7 Ke7 19. Rxg2 Rhg8 20. Rh4 h6
21. Nxf6 Kxf6 22. Rf4+ Ke7 23. Rfg4 g5 24. h4 Rc5 25. f4 Rxc4 26. fxg5 Rxg4 27.
Rxg4 hxg5 28. hxg5 Rg7 29. Kd2 Kd6 30. Ke3 Ke5 31. Rb4 Kf5 32. Rb5+ e5 33. a4
a6 34. Rb6 Rxg5 35. Rxb7 Rg3+ 36. Ke2 Rg4 37. Rf7+ Ke6 38. Rf8 Rxa4 39. Ke3 Ra5
40. Ra8 Kd5 41. c4+ Kxc4 42. Ke4 Kb4 43. Kf5 Ra1 44. Kxe5 a5 45. Kd4 Rd1+ 46.
Ke3 a4 47. Rb8+ Kc3 48. Rc8+ Kb3 49. Rb8+ Ka2 50. Ke2 Rd5 51. Rb7 a3 52. Rb8
Ka1 53. Rb7 Rh5 54. Kd2 Rh2+ 55. Kc1 Rb2 56. Re7 Rb5 57. Rc7 Ka2 58. Rc8
1/2-1/2

[Event "Mittelfr. EM 2026 - Hauptturnier"]
[Site "Nuernberg"]
[Date "2026.05.24"]
[Round "5.4"]
[White "Heller, Benedikt"]
[Black "Saathoff, Richard"]
[Result "1/2-1/2"]
[WhiteElo "2039"]
[BlackElo "2131"]
[PlyCount "40"]
[EventDate "2026.05.22"]
[WhiteTeam "SC Bechhofen 1923 e.V."]
[BlackTeam "SC Schwarz-Weiss Nuernberg Sued e.V"]

1. e4 e5 2. Nf3 Nc6 3. Bb5 f5 4. d3 fxe4 5. dxe4 Nf6 6. O-O Bc5 7. Qd3 Qe7 8.
Nc3 Nb4 9. Qe2 c6 10. Bc4 d6 11. Na4 Bb6 12. a3 Na6 13. Nxb6 axb6 14. Bg5 b5
15. Ba2 Be6 16. Nh4 Nc5 17. Bxe6 Qxe6 18. Nf5 O-O 19. Ng3 h6 20. Be3 Nfxe4
1/2-1/2

[Event "Mittelfr. EM 2026 - Hauptturnier"]
[Site "Nuernberg"]
[Date "2026.05.24"]
[Round "5.5"]
[White "Link, Andreas"]
[Black "Koenig, Oliver"]
[Result "1-0"]
[WhiteElo "2036"]
[BlackElo "1881"]
[PlyCount "57"]
[EventDate "2026.05.22"]
[WhiteTeam "Spvg Zabo-Eintracht Nuernberg e.V"]
[BlackTeam "SGem 1882 Fuerth"]

1. c4 Nf6 2. Nc3 g6 3. g3 Bg7 4. Bg2 O-O 5. e4 d6 6. Nge2 c5 7. d3 Nc6 8. h3
Rb8 9. O-O Ne8 10. Be3 Nc7 11. d4 b5 12. cxb5 Nxb5 13. dxc5 Nxc3 14. bxc3 Ba6
15. cxd6 Rb2 16. Re1 exd6 17. Nd4 Ne5 18. Qa4 Qc8 19. Reb1 Qb7 20. Nb3 Rxb1+
21. Rxb1 Bd3 22. Rd1 a6 23. f4 Bb5 24. Qb4 Nc6 25. Qxd6 Rc8 26. e5 Bf8 27. Qd5
Rd8 28. Qxd8 Nxd8 29. Bxb7 1-0

[Event "Mittelfr. EM 2026 - Hauptturnier"]
[Site "Nuernberg"]
[Date "2026.05.24"]
[Round "5.6"]
[White "Mitin, Maximilian"]
[Black "Meulner, Klaus"]
[Result "0-1"]
[WhiteElo "1698"]
[BlackElo "1966"]
[PlyCount "47"]
[EventDate "2026.05.22"]
[WhiteTeam "SG Buechenbach/Roth e.V."]
[BlackTeam "SC Schwarz-Weiss Nuernberg Sued e.V"]

1. e4 c5 2. Nf3 e6 3. c3 Nf6 4. e5 Nd5 5. d4 cxd4 6. cxd4 d6 7. Nc3 Nxc3 8.
bxc3 Qc7 9. Bb2 Nd7 10. exd6 Bxd6 11. Bd3 O-O 12. Qc2 h6 13. O-O-O b5 14. Bxb5
Rb8 15. Bxd7 Bxd7 16. Rhe1 Qa5 17. Nd2 Qxa2 18. Nb1 Bf4+ 19. Rd2 Rfc8 20. Re4
Ba4 21. Rxf4 Bxc2 22. Kxc2 Qxb2+ 23. Kd3 Qxc3+ 24. Ke2 0-1

[Event "Mittelfr. EM 2026 - Hauptturnier"]
[Site "Nuernberg"]
[Date "2026.05.24"]
[Round "5.7"]
[White "Papst, Arthur"]
[Black "Erlbeck, Peter"]
[Result "1/2-1/2"]
[WhiteElo "1932"]
[BlackElo "1994"]
[PlyCount "35"]
[EventDate "2026.05.22"]
[WhiteTeam "SK Nuernberg 1911 e.V."]
[BlackTeam "SC Schwarz-Weiss Nuernberg Sued e.V"]

1. e4 c5 2. Nf3 Nc6 3. Bb5 g6 4. O-O Bg7 5. Re1 Nf6 6. Bxc6 dxc6 7. d3 O-O 8.
h3 Nd7 9. Nc3 Qc7 10. Be3 b6 11. Qd2 Ne5 12. Nxe5 Bxe5 13. f4 Bd4 14. Qf2 Qd8
15. Rab1 a5 16. Ne2 Bxe3 17. Qxe3 Ba6 18. a4 1/2-1/2

[Event "Mittelfr. EM 2026 - Hauptturnier"]
[Site "Nuernberg"]
[Date "2026.05.24"]
[Round "5.8"]
[White "Engel, David"]
[Black "Himonakis, Michael"]
[Result "0-1"]
[WhiteElo "1859"]
[BlackElo "1930"]
[PlyCount "76"]
[EventDate "2026.05.22"]
[WhiteTeam "Spvg Zabo-Eintracht Nuernberg e.V"]
[BlackTeam "SC Noris-Tarrasch Nuernberg 1873"]

1. e4 c5 2. Nf3 d6 3. d4 cxd4 4. Nxd4 Nf6 5. Nc3 a6 6. f3 e5 7. Nb3 Be7 8. Bc4
Be6 9. Bxe6 fxe6 10. Bg5 Nbd7 11. Qe2 b5 12. a3 Qc7 13. Rd1 Rc8 14. O-O O-O 15.
Kh1 Rfe8 16. Rf2 Nb6 17. Na5 d5 18. f4 exf4 19. e5 Ne4 20. Nxe4 dxe4 21. Bxf4
Nd5 22. Nb3 Nxf4 23. Rxf4 Qxc2 24. Qxc2 Rxc2 25. Rb1 Rd8 26. Rxe4 Rxb2 27. Ree1
Rxb1 28. Rxb1 Bxa3 29. Kg1 Rd5 30. Re1 b4 31. Re4 a5 32. Nd4 Bb2 33. Nc6 Rc5
34. Nd8 Rxe5 35. Rf4 h6 36. Nc6 Rc5 37. Nxb4 axb4 38. Rxb4 Rc2 0-1

[Event "Mittelfr. EM 2026 - Hauptturnier"]
[Site "Nuernberg"]
[Date "2026.05.24"]
[Round "5.9"]
[White "Dachs, Simon"]
[Black "Mueller, Tim"]
[Result "1/2-1/2"]
[WhiteElo "1707"]
[BlackElo "1754"]
[PlyCount "52"]
[EventDate "2026.05.22"]
[WhiteTeam "SC Hersbruck"]
[BlackTeam "SC Noris-Tarrasch Nuernberg 1873"]

1. e4 c5 2. c3 d5 3. exd5 Qxd5 4. d4 cxd4 5. cxd4 Nc6 6. Nf3 e5 7. Nc3 Bb4 8.
Bd2 Bxc3 9. Bxc3 e4 10. Ne5 Nxe5 11. dxe5 Ne7 12. Qxd5 Nxd5 13. Bb5+ Bd7 14.
Bxd7+ Kxd7 15. O-O-O Ke6 16. Bd4 Nb4 17. Kb1 Nd3 18. f3 Rhd8 19. Be3 Kxe5 20.
fxe4 Kxe4 21. Bc1 Rd5 22. Rd2 Rad8 23. Re2+ Kf5 24. Re7 R8d7 25. Rf1+ Kg6 26.
Rfxf7 Rxe7 1/2-1/2

[Event "Mittelfr. EM 2026 - Hauptturnier"]
[Site "Nuernberg"]
[Date "2026.05.24"]
[Round "5.10"]
[White "Vennemann, Juergen"]
[Black "Assem Gawdat Azmy, Mostafa"]
[Result "0-1"]
[WhiteElo "1863"]
[BlackElo "1799"]
[PlyCount "64"]
[EventDate "2026.05.22"]
[WhiteTeam "SC Hersbruck"]
[BlackTeam "SC Erlangen 48/88"]

1. e4 c5 2. Nc3 Nc6 3. g3 g6 4. Bg2 Bg7 5. f4 d6 6. Nf3 e5 7. d3 Nge7 8. O-O
O-O 9. Be3 Nd4 10. Qd2 Bg4 11. h3 Nxf3+ 12. Bxf3 Bxh3 13. Rf2 Qd7 14. Qe2 exf4
15. gxf4 b5 16. Rh2 b4 17. Nd1 Be6 18. Qf2 Rfe8 19. Qh4 h5 20. Bxh5 gxh5 21.
Qxh5 f5 22. Qh7+ Kf8 23. Rg2 Ng8 24. e5 Re7 25. Nf2 Bxe5 26. Qh5 Bxb2 27. Re1
Rg7 28. Nh3 Rxg2+ 29. Kxg2 Qg7+ 30. Ng5 Nf6 31. Qh4 Re8 32. Kh2 Ng4+ 0-1

[Event "Mittelfr. EM 2026 - Hauptturnier"]
[Site "Nuernberg"]
[Date "2026.05.25"]
[Round "6.1"]
[White "Atal, Parsa"]
[Black "Boehme, Markus"]
[Result "0-1"]
[WhiteElo "1837"]
[BlackElo "2163"]
[PlyCount "62"]
[EventDate "2026.05.22"]
[WhiteTeam "SC Noris-Tarrasch Nuernberg 1873"]
[BlackTeam "SC Uttenreuth e.V."]

1. e4 e5 2. Nc3 Nf6 3. Nf3 Nc6 4. d4 exd4 5. Nxd4 Bb4 6. Nxc6 bxc6 7. Bd3 O-O
8. O-O d5 9. exd5 cxd5 10. h3 Rb8 11. Qf3 Rb6 12. Bf4 Bb7 13. Qg3 Nh5 14. Bxc7
Nxg3 15. Bxd8 Rxd8 16. fxg3 Bc6 17. Nd1 a5 18. Kh2 Bd6 19. b3 Re8 20. Nf2 h5
21. Rae1 Rxe1 22. Rxe1 h4 23. Nh1 Rb8 24. c3 a4 25. b4 d4 26. Rc1 hxg3+ 27. Kg1
Bf4 28. Rc2 Re8 29. Kf1 dxc3 30. Be2 Re3 31. Bf3 Bb5+ 0-1